click the animal by class - Statistics

General Stats
  • This quiz has been taken 51 times
  • The average score is 40 of 45
Answer Stats
Question Tile Select % Correct
mammals No
100%
mammals No
100%
mammals No
100%
birds Yes
100%
birds No
100%
mammals Yes
97%
mammals No
97%
mammals Yes
97%
reptiles Yes
97%
reptiles Yes
97%
reptiles No
97%
reptiles No
97%
reptiles No
97%
birds Yes
97%
birds No
97%
birds Yes
97%
mammals Yes
95%
birds No
95%
birds Yes
95%
birds Yes
95%
mammals Yes
92%
reptiles Yes
92%
marsupials No
89%
fish No
89%
fish No
89%
mammals Yes
87%
marsupials Yes
87%
reptiles No
87%
reptiles Yes
87%
fish Yes
87%
fish No
87%
fish Yes
87%
fish No
87%
marsupials Yes
84%
marsupials No
84%
birds No
84%
fish Yes
84%
marsupials No
79%
reptiles Yes
76%
marsupials Yes
71%
marsupials No
68%
fish Yes
68%
marsupials Yes
66%
fish Yes
63%
marsupials Yes
45%
No matching quizzes found
Score Distribution
Percent of People with Each Score
Percentile by Number Answered
Your Score History
You have not taken this quiz